| 000 | 00427cam a2200181 4500 | ||
|---|---|---|---|
| 001 | D7744 | ||
| 008 | 090401t1983 xxu||||| |||| 00| 0 eng d | ||
| 035 | _a(Sirsi) u9095 | ||
| 041 | _aeng | ||
| 050 | _a347.4109 | ||
| 100 | _aParris, John | ||
| 245 | _aArbitration: principles and practice | ||
| 260 |
_aLondon _bGranada Publishing _c1983 |
||
| 300 | _axi. 244p. 24cm | ||
| 350 | _a15 | ||
| 942 | _n0 | ||
| 948 | _c04/03/1997 | ||
| 999 |
_c86599 _d86599 |
||